Introduction to microprocessors (Record no. 161273)
[ view plain ]
| 000 -LEADER | |
|---|---|
| fixed length control field | 00404nam a2200157Ia 4500 |
| 008 - FIXED-LENGTH DATA ELEMENTS--GENERAL INFORMATION | |
| fixed length control field | 231217s9999 xx 000 0 und d |
| 041 ## - LANGUAGE CODE | |
| Language code of text/sound track or separate title | English |
| 082 ## - DEWEY DECIMAL CLASSIFICATION NUMBER | |
| Classification number | 001.6404 MAT;11 |
| 100 ## - MAIN ENTRY--PERSONAL NAME | |
| Personal name | Mathur, Aditya P |
| 245 #0 - TITLE STATEMENT | |
| Title | Introduction to microprocessors |
| 250 ## - EDITION STATEMENT | |
| Edition statement | 3rd ed. |
| 260 ## - PUBLICATION, DISTRIBUTION, ETC. | |
| Date of publication, distribution, etc. | 1989 |
| Name of publisher, distributor, etc. | T M H |
| 300 ## - PHYSICAL DESCRIPTION | |
| Extent | xx+612 |
| 650 ## - SUBJECT ADDED ENTRY--TOPICAL TERM | |
| Topical term or geographic name entry element | Microprocessor Interfacing devices Zilog Z80 |
| 942 ## - ADDED ENTRY ELEMENTS (KOHA) | |
| Koha item type | Books |
| Date last seen | Total checkouts | Full call number | Accession number | Cost, total (INR) price | Price effective from | Category | Lost status | Damaged status | Department | Withdrawn status | Home library | Current library | Entry date | Vendor | Cost, normal purchase price | Grants | Billnumber | Billdate | Currency symbol | Conversion rate | Discount | Old discount | Public note | Shelving location |
|---|---|---|---|---|---|---|---|---|---|---|---|---|---|---|---|---|---|---|---|---|---|---|---|---|
| 26/01/2024 | 001.6404 MAT;11 | 2293 | 63.75 | 26/01/2024 | Books | Central Library | Central Library | Central Library | 13/08/1990 | BBB | 75.00 | CS | 441 | 14/08/1990 | RS | 1 | 11.25 | 15 | ||||||
| 26/01/2024 | 001.6404 MAT;1 | 7527 | 71.40 | 26/01/2024 | Books | Central Library | Central Library | Central Library | 14/09/1995 | 84.00 | SC-ST | 26/02/1998 | RS | 1 | 12.6 | 15 | SC ST (041) | SC-ST |
